| 000 | 00515cab a2200205 4500 | ||
|---|---|---|---|
| 001 | WB2541-17 | ||
| 008 | 090401t1989 xxu||||| |||| 00| 0 eng d | ||
| 035 | _a(Sirsi) u66726 | ||
| 041 | _aeng | ||
| 245 | _aInsurers share the risks | ||
| 260 | _c1989 | ||
| 350 | _a0 | ||
| 490 |
_aFinancial Times _v13/10/89 p18 (2) |
||
| 520 | _aDiscusses loan insurance for commercial property development . | ||
| 650 | _aLENDING | ||
| 650 | _aOFFICES | ||
| 690 |
_aInsurance _96249 |
||
| 942 | _n0 | ||
| 948 | _c04/03/1997 | ||
| 999 |
_c41686 _d41686 |
||